Baculovirus (Registro nro. 324712)

Detalles MARC
000 -ENCABEZADO
Número de control [NR] 02705nam a22002417a 4500
005 - FECHA Y HORA DE LA ÚLTIMA TRANSACCIÓN
control field 20240912091245.0
008 - DE LONGITUD FIJA DE DATOS DE ELEMENTOS - INFORMACIÓN GENERAL
Elementos de longitud fija [NR] 240912b ||||| |||| 00| 0 eng d
020 ## - NUMERO INTERNACIONAL NORMALIZADO PARA LIBROS [R]
Número Internacional Normalizado del libro [NR] 9781071639603
020 ## - NUMERO INTERNACIONAL NORMALIZADO PARA LIBROS [R]
Número Internacional Normalizado del libro [NR] 9781071639610
040 ## - FUENTE DE CATALOGACION [NR]
Agencia de catalogación original [NR] CO-BoUCM
Quien Cataloga David Moreno
Quien Clasifica David Moreno
041 ## - CODIGO DE IDIOMA [R]
Código de idioma para texto/pista de sonido o título separado [R] Inglés
060 ## - SIGNATURA TOPOGRAFICA DE LA BIBLIOTECA NACIONAL DE MEDICINA (NLM) [R]
Número clasificador [R] WH 506
245 10 - MENCION DE TITULO [NR]
Título [NR] Baculovirus
Parte restante del título [NR] methods and protocols
Mención de responsabilidad, etc. [NR] Manon M.J. Cox
250 ## - MENCION DE EDICION [NR]
Mención de edición [NR] 1a. Ed
260 ## - PUBLICACION, DISTRIBUCION, ETC. (PIE DE IMPRENTA) [R]
Lugar de publicación, distribución, etc. [R] New York, NY
Nombre del editor, distribuidor, etc. [R] Humana Press
Fecha de publicación, distribución, etc. [R] 2024
300 ## - DESCRIPCION FISICA [R]
Extensión [R] xv, 343 Paginas
Otros detalles físicos [NR] ilustraciones a color
490 ## - MENCION DE SERIE [R]
Mención de serie [R] Methods in molecular biology
504 ## - NOTA DE BIBLIOGRAFIA, ETC. [R]
Nota de bibliografía, etc. [NR] Incluye referencias bibliográficas e índices
505 ## - NOTA DE CONTENIDO CON FORMATO PREESTABLECIDO [R]
Mención de responsabilidad [R] Expansion and Storage of Insect Cells and Virus Stocks -- Construction of Recombinant Baculoviruses -- A Time and Cost-Effective Pipeline for Expression Screening and Protein Production in Insect Cells Based on the HR-Bac Toolbox to Generate Recombinant Baculoviruses -- Optimized Workflow from Gene to Product -- TOPO Cloning for Efficient Plasmid Construction -- Adaptive Laboratory Evolution to Improve Recombinant Protein Production Using Insect Cells -- RNAi-Mediated Silencing in the Insect Cell-Baculovirus Expression System -- Scarless Baculovirus Genome Editing Using Lambda Red Recombineering in E. coli -- Probing Baculovirus Vector Gene Essentiality for Foreign Gene Expression Using a CRISPR-Cas9 System -- Generation of Complex Protein Structures by Co-Infection with High Quality Recombinant Baculovirus -- Production of Secreted Antibody in Baculovirus Expression Vector System -- Production of Recombinant Viral Antigens Using the Baculovirus-Insect Cell Expression System -- Protein Production at the 100L Scale -- Recombinant AAV Production -- Recombinant AAV Purification -- Extraction of Modified Adeno-Associated Virus-Like Particles Displaying Peptides on Their Surface -- One-Step Purification Strategy for Cowpea Chlorotic Mottle Virus-Like Particles Produced by the IC-BEVS -- Purification Process for a Secreted Protein Produced in Insect Cells -- Functional Baculovirus Particle Quantification via Plaque Assay -- TCID50 Assay: A Simple Method to Determine Baculovirus Titer -- Rapid Two-Day Baculovirus Titering Using Flow Cytometry -- A Microsphere Immunoassay for the Quantitative Detection of Antigens in Cell Culture Supernatant -- Non-Viral Platform for Expression of Recombinant Protein in Insect Cells -- Assembly of Baculovirus Vectors for Multiplexed Prime Editing -- Recombinant Protein Production in Suspension Mammalian Cells Using the BacMam Baculovirus Expression System.
650 14 - ASIENTO SECUNDARIO DE MATERIA - TERMINO TEMATICO [R]
Término temático o nombre geográfico como elemento de entrada [NR] Baculovirus
Subdivisión general [R] Manuales de laboratorio
9 (RLIN) 182686
700 1# - ASIENTO SECUNDARIO - NOMBRE PERSONAL [R]
Nombre personal [NR] Cox, Manon M. J.
Término de relación [R] editor
9 (RLIN) 182687
942 ## - ELEMENTOS DE ENTRADA AGREGADOS (KOHA)
Sistema de clasificación NLM
Tema principal Ciencias de la salud
Tipo de ítem principal el descrito en 300a Libro
Edición 1
Clasificación WH 506
Parte restante de la signatura top. C877b
Título oculto en OPAC No
Existencias
Total préstamos Signatura topográfica Código de barras Última vez visto Ejemplar Price effective from Tipo de ítem Perdido Sistema de clasificación Dañado No prestable Tipo de ítem específico Suprimido Ubicación habitual Ubicación actual Localización Fecha de creación Forma de adquisición Costo
  WH 506 C877b 100173152 11/12/2025 Ej.1 12/09/2024 Libro   NLM     Libro   Quinta de Mutis Quinta de Mutis 2do piso 12/09/2024 Compra 1010680.00